LEADER 01243nam a2200289 i 4500 001 991003737049707536 005 20020509131315.0 008 011112s1976 it ||| | ita 035 $ab11207127-39ule_inst 035 $aPARLA187628$9ExL 040 $aDip.to Scienze Storiche Fil. e Geogr.$bita 082 0 $a292 100 1 $aDetienne, Marcel$0143528 245 13$aIl mito :$bguida storica e critica /$ca cura di Marcel Detienne 260 $aBari :$bLaterza,$c1976 300 $aVII, 285, (10) p. ;$c18 cm. 490 0 $aUniversale Laterza ;$v306 650 4$aMito$xSaggi 907 $a.b11207127$b23-02-17$c01-07-02 912 $a991003737049707536 945 $aLE008 Cr H I 11$g1$i2008000227395$lle008$o-$pE0.00$q-$rl$s- $t0$u0$v0$w0$x0$y.i12290245$z01-04-03 945 $aLE005 MF 31 I 4$g1$i2005000198076$lle005$o-$pE0.00$q-$rl$s- $t0$u0$v0$w0$x0$y.i15018611$z26-10-09 945 $aLE002 St. V G 22$g1$i2002000685100$lle002$o-$pE0.00$q-$rl$s- $t0$u0$v0$w0$x0$y.i10600474$z27-06-02 945 $aLE009 STOR.90-140$g1$i2009000049369$lle009$o-$pE0.00$q-$rl$s- $t0$u2$v0$w2$x0$y.i11358683$z01-07-02 996 $aMito$9216597 997 $aUNISALENTO 998 $ale008$ale005$ale002$ale009$b01-01-01$cm$da $e-$fita$git $h3$i4